Statistics for US Cities Larger than North Dakota

Click here to take the quiz!

General Stats

  • This quiz has been taken 28 times
  • The average score is 20 of 21

Answer Stats

StatePopulationCity% Correct
Massachusetts694,583Boston
100%
Illinois2,705,994Chicago
100%
Colorado716,492Denver
100%
Texas2,325,502Houston
100%
Indiana867,125Indianapolis
100%
California3,990,456Los Angeles
100%
New York8,398,748New York City
100%
Arizona1,660,272Phoenix
100%
California1,425,976San Diego
100%
California883,305San Francisco
100%
Washington744,955Seattle
100%
District of Columbia702,455Washington DC
100%
Texas964,254Austin
96%
Texas1,345,047Dallas
96%
Pennsylvania1,584,138Philadelphia
96%
Texas1,532,233San Antonio
96%
North Carolina872,498Charlotte
92%
Ohio892,533Columbus
92%
Texas895,008Fort Worth
92%
Florida903,889Jacksonville
92%
California1,030,119San Jose
88%

Score Distribution

Percentile by Number Answered

Percent of People with Each Score

Your Score History

You have not taken this quiz